| 000 | 00448 a2200133 4500 | ||
|---|---|---|---|
| 001 | 92214 | ||
| 082 | _aPR 2495 | ||
| 090 |
_c44174 _d44173 |
||
| 100 | _aMuhammad Rehan; Prof Muhammad Babar Saeed (Advisor) | ||
| 245 |
_aDevelopment of NDT Techniques for Adhesively Bonded Metallic Joint and Their Application to solve on Field Engineering Problems _h78 "A" EC |
||
| 260 |
_aIslamabad _bNUST _c2015 |
||
| 300 | _a103p. | ||
| 500 | _aBE Project Report | ||
| 942 |
_aCAE NUST _kPR 2495 |
||
| 999 |
_c327287 _d327287 |
||